Thực tập vi sinh vật học thực phẩm

সংরক্ষণ করুন:
গ্রন্থ-পঞ্জীর বিবরন
প্রধান লেখক: Nguyễn, Đức Lượng
বিন্যাস: গ্রন্থ
ভাষা:Undetermined
প্রকাশিত: Thành phố Hồ Chí Minh Bách Khoa 2004
বিষয়গুলি:
ট্যাগগুলো: ট্যাগ যুক্ত করুন
কোনো ট্যাগ নেই, প্রথমজন হিসাবে ট্যাগ করুন!
Thư viện lưu trữ: Trung tâm Học liệu Trường Đại học Cần Thơ
LEADER 00675nam a2200205Ia 4500
001 CTU_64405
008 210402s9999 xx 000 0 und d
020 |b 14000 
082 |a 579.078 
082 |b L561 
100 |a Nguyễn, Đức Lượng 
245 0 |a Thực tập vi sinh vật học thực phẩm 
245 0 |c Nguyễn Đức Lượng, Nguyễn Chúc và Lê Văn Việt Mẫn 
260 |a Thành phố Hồ Chí Minh 
260 |b Bách Khoa 
260 |c 2004 
650 |a Microbiology 
650 |x Laboratory manuals 
904 |i Minh (Nguyênsửa) 
980 |a Trung tâm Học liệu Trường Đại học Cần Thơ